[Event "Vojvodina-chT 2nd League"]
[Site "Stari Banovci"]
[Date "2013.11.06"]
[Round "4"]
[White "Mujagic, Ramo"]
[Black "Stojanovic, Dalibor"]
[Result "0-1"]
[WhiteElo "2285"]
[BlackElo "2508"]
[PlyCount "82"]
[EventDate "2013.11.03"]
[EventType "team-tourn"]
[EventRounds "11"]
[EventCountry "SRB"]
[SourceTitle "EXT 2015"]
[Source "ChessBase"]
[SourceDate "2014.11.20"]
[SourceVersion "1"]
[SourceVersionDate "2014.11.20"]
[SourceQuality "1"]

1. Nf3 Nf6 2. e3 g6 3. b3 Bg7 4. Bb2 0-0 5. Be2 d6 6. d4 Nfd7 7. Qc1 e5 8. Nbd2 Re8 9. dxe5 dxe5 10. 0-0 e4 11. Nd4 a6 12. b4 c5 13. bxc5 Nxc5 14. Rb1 Qg5 15. Re1 Nbd7 16. Bf1 Nf6 17. g3 Bg4 18. Ne2 Bxe2 19. Bxe2 Rac8 20. Nc4 Rc6 21. Qd2 b5 22. Na5 Rcc8 23. Rec1 Red8 24. Qe1 Nfd7 25. Bxg7 Kxg7 26. Nb3 Ne5 27. Nxc5 Rxc5 28. Qb4 Qf5 29. Kg2 Rdc8 30. Qd2 Nf3 31. Qd1 Rd5 32. Bxf3 Rxd1 33. Bxd1 Rd8 34. Be2 Rd2 35. Kf1 Qc5 36. c4 b4 37. Ra1 a5 38. Ke1 Rb2 39. h4 a4 40. Bd1 b3 41. axb3 Qb4+ 0-1

[Event "Vojvodina-chT 2nd League"]
[Site "Stari Banovci"]
[Date "2013.11.05"]
[Round "3"]
[White "Galyas, Miklos"]
[Black "Mujagic, Ramo"]
[Result "1-0"]
[WhiteElo "2435"]
[BlackElo "2285"]
[PlyCount "87"]
[EventDate "2013.11.03"]
[EventType "team-tourn"]
[EventRounds "11"]
[EventCountry "SRB"]
[SourceTitle "EXT 2015"]
[Source "ChessBase"]
[SourceDate "2014.11.20"]
[SourceVersion "1"]
[SourceVersionDate "2014.11.20"]
[SourceQuality "1"]

1. d4 Nf6 2. c4 e6 3. Nc3 d5 4. cxd5 exd5 5. Bg5 Be7 6. e3 c6 7. Bd3 Nbd7 8. Nge2 Nf8 9. 0-0 Ng6 10. Qc2 0-0 11. Rab1 Re8 12. b4 a6 13. a4 Be6 14. b5 a5 15. bxc6 bxc6 16. Ng3 Qd6 17. Nce2 Nd7 18. Bxg6 Bxg5 19. Bxh7+ Kh8 20. Bd3 Nf8 21. Rb7 Re7 22. Rxe7 Bxe7 23. Nf4 Rb8 24. Bf5 c5 25. dxc5 Qxc5 26. Qd1 Kg8 27. Nxe6 fxe6 28. Bd3 Rb4 29. Bb5 Rh4 30. Ne2 Bd6 31. g3 Rb4 32. Nd4 Bc7 33. Qd2 Qb6 34. Rc1 Qd6 35. Nc6 Rg4 36. Nxa5 d4 37. Nc4 Qc5 38. Qd1 Qg5 39. exd4 Bf4 40. Rc3 Rh4 41. Ne3 Rh6 42. Rc5 e5 43. Ng2 Qf6 44. dxe5 1-0

[Event "Vojvodina-chT 2nd League"]
[Site "Stari Banovci"]
[Date "2013.11.05"]
[Round "2"]
[White "Mujagic, Ramo"]
[Black "Runic, Zoran"]
[Result "1-0"]
[WhiteElo "2285"]
[BlackElo "2424"]
[PlyCount "99"]
[EventDate "2013.11.03"]
[EventType "team-tourn"]
[EventRounds "11"]
[EventCountry "SRB"]
[SourceTitle "EXT 2015"]
[Source "ChessBase"]
[SourceDate "2014.11.20"]
[SourceVersion "1"]
[SourceVersionDate "2014.11.20"]
[SourceQuality "1"]

1. e4 e5 2. Nf3 d6 3. d4 Nd7 4. Bc4 c6 5. 0-0 exd4 6. Qxd4 Nc5 7. Bg5 f6 8. Bh4 Nh6 9. Nc3 b5 10. Be2 Nf7 11. a4 Ne6 12. Qd2 b4 13. Nd1 a5 14. Bg3 Bd7 15. Ne3 Nc5 16. Bd3 g6 17. Nd4 Bh6 18. Nb3 Ne6 19. f4 0-0 20. Ng4 Bg7 21. f5 gxf5 22. exf5 Nc7 23. Bc4 d5 24. Bd3 h5 25. Nf2 Ne5 26. Nh3 Qe7 27. Bf2 Ng6 28. Rae1 Qf7 29. Bb6 Rfd8 30. Nf4 Bf8 31. h3 Ne5 32. Ng6 Bd6 33. Bc5 Ne8 34. Bxd6 Nxd6 35. Nxe5 fxe5 36. Qg5+ Qg7 37. Qxg7+ Kxg7 38. f6+ Kf8 39. Nc5 Be8 40. Rxe5 Ra7 41. b3 Bf7 42. g4 Be8 43. Kg2 h4 44. Kf3 Bf7 45. Kf4 Be8 46. g5 Nf7 47. Ree1 Nh8 48. Rxe8+ Rxe8 49. g6 Kg8 50. Bf5 1-0

[Event "Vojvodina-ch 2nd"]
[Site "Novi Sad"]
[Date "2011.07.30"]
[Round "9"]
[White "Peovic, Milos"]
[Black "Mujagic, Ramo"]
[Result "1-0"]
[WhiteElo "2227"]
[BlackElo "2271"]
[PlyCount "53"]
[EventDate "2011.07.24"]
[EventType "swiss"]
[EventRounds "9"]
[EventCountry "SRB"]
[SourceTitle "CBM 143 Extra"]
[Source "ChessBase"]
[SourceDate "2011.08.29"]
[SourceVersion "1"]
[SourceVersionDate "2011.08.29"]
[SourceQuality "1"]

1. e4 c5 2. Nf3 Nc6 3. Bb5 g6 4. 0-0 Bg7 5. Re1 Nf6 6. c3 0-0 7. h3 a6 8. Bf1 d6 9. d4 e5 10. dxc5 dxc5 11. Qc2 h6 12. a4 Be6 13. Nbd2 Qc7 14. Nc4 Bxc4 15. Bxc4 Na5 16. Nd2 Rfd8 17. b3 Rab8 18. Bf1 b5 19. axb5 axb5 20. Ba3 Bf8 21. Rad1 c4 22. Bxf8 cxb3 23. Nxb3 Kxf8 24. Nxa5 Qxa5 25. Qb3 Kg7 26. Ra1 Qb6 27. Ra2 1-0

[Event "Vojvodina-ch 2nd"]
[Site "Novi Sad"]
[Date "2011.07.24"]
[Round "1"]
[White "Radovic, Luka"]
[Black "Mujagic, Ramo"]
[Result "0-1"]
[WhiteElo "1910"]
[BlackElo "2271"]
[PlyCount "84"]
[EventDate "2011.07.24"]
[EventType "swiss"]
[EventRounds "9"]
[EventCountry "SRB"]
[SourceTitle "CBM 143 Extra"]
[Source "ChessBase"]
[SourceDate "2011.08.29"]
[SourceVersion "1"]
[SourceVersionDate "2011.08.29"]
[SourceQuality "1"]

1. Nf3 c5 2. g3 Nc6 3. Bg2 d5 4. c4 d4 5. d3 e5 6. 0-0 Nf6 7. Na3 Be7 8. Nc2 0-0 9. a3 a5 10. Bd2 Re8 11. Rb1 a4 12. b4 axb3 13. Rxb3 Bf8 14. e4 dxe3 15. fxe3 e4 16. Nfe1 Na5 17. Bxa5 Rxa5 18. d4 Ra4 19. Rc3 b6 20. Qb1 Bd6 21. Rf2 Bc7 22. Rd2 Qe7 23. Bf1 Ra8 24. Ng2 g5 25. Qb2 Bd7 26. Na1 h6 27. Nb3 Ra4 28. Rc1 Rea8 29. Ra1 Bg4 30. Ne1 h5 31. Rf2 Bd7 32. Nd2 Ng4 33. Re2 f5 34. Bg2 cxd4 35. exd4 Rxa3 36. Rxa3 Qxa3 37. Qxa3 Rxa3 38. Nc2 Ra2 39. Nb4 Rb2 40. Nd5 Bd8 41. h3 e3 42. hxg4 exd2 0-1

[Event "Vojvodina-chT"]
[Site "Pancevo"]
[Date "2007.09.27"]
[Round "6"]
[White "Mujagic, Ramo"]
[Black "Vlaovic, Djordje"]
[Result "1/2-1/2"]
[WhiteElo "2278"]
[BlackElo "2268"]
[PlyCount "32"]
[EventDate "2007.09.24"]
[EventType "team-tourn"]
[EventRounds "9"]
[EventCountry "SRB"]
[SourceTitle "EXT 2023"]
[Source "ChessBase"]
[SourceDate "2022.10.05"]
[SourceVersion "1"]
[SourceVersionDate "2022.10.05"]
[SourceQuality "1"]

1. e4 c5 2. Nf3 d6 3. d4 cxd4 4. Nxd4 Nf6 5. Nc3 a6 6. Bg5 e6 7. f4 Be7 8. Qf3 Qc7 9. 0-0-0 Nbd7 10. g4 b5 11. Bxf6 Nxf6 12. g5 Nd7 13. f5 Nc5 14. f6 gxf6 15. gxf6 Bf8 16. Qh5 Bd7 1/2-1/2

[Event "Vojvodina-chT"]
[Site "Pancevo"]
[Date "2007.09.26"]
[Round "4"]
[White "Mujagic, Ramo"]
[Black "Kosanovic, Goran A"]
[Result "0-1"]
[WhiteElo "2278"]
[BlackElo "2396"]
[PlyCount "70"]
[EventDate "2007.09.24"]
[EventType "team-tourn"]
[EventRounds "9"]
[EventCountry "SRB"]
[SourceTitle "EXT 2023"]
[Source "ChessBase"]
[SourceDate "2022.10.05"]
[SourceVersion "1"]
[SourceVersionDate "2022.10.05"]
[SourceQuality "1"]

1. Nf3 c5 2. c4 Nc6 3. Nc3 g6 4. g3 Bg7 5. Bg2 e5 6. d3 d6 7. Nd5 h6 8. a3 Nge7 9. Nd2 0-0 10. Nxe7+ Qxe7 11. Nb1 Be6 12. Nc3 Qd7 13. Nd5 Bh3 14. 0-0 Bxg2 15. Kxg2 f5 16. f3 Ne7 17. Nxe7+ Qxe7 18. e4 Kh7 19. Bd2 Rf7 20. Qe2 h5 21. Rae1 f4 22. Kh1 Bh6 23. Qg2 fxg3 24. hxg3 Bxd2 25. Qxd2 Raf8 26. Kg2 g5 27. Rf2 Kg6 28. Ref1 h4 29. gxh4 Rf4 30. Rh1 g4 31. h5+ Kh7 32. Kf1 g3 33. Rg2 Rxf3+ 34. Ke1 Qf6 35. Kd1 Rf1+ 0-1

[Event "SCG-chT Vojvodina"]
[Site "Sombor"]
[Date "2004.09.28"]
[Round "6.2"]
[White "Vujadinovic, Goran"]
[Black "Mujagic, Ramo"]
[Result "1/2-1/2"]
[WhiteElo "2381"]
[BlackElo "2339"]
[PlyCount "59"]
[EventDate "2004.09.25"]
[EventType "team"]
[EventRounds "11"]
[EventCountry "YUG"]
[SourceTitle "CBM 102 Extra"]
[Source "ChessBase"]
[SourceDate "2004.11.03"]
[SourceVersion "1"]
[SourceVersionDate "2004.11.03"]
[SourceQuality "1"]
[WhiteTeam "04"]
[BlackTeam "08"]
[WhiteTeamCountry "YUG"]
[BlackTeamCountry "YUG"]

1. c4 Nf6 2. g3 e6 3. Nf3 d5 4. cxd5 exd5 5. d4 Be7 6. Nc3 0-0 7. Bg2 c6 8. 0-0 Na6 9. a3 Nc7 10. Qc2 Nce8 11. Bf4 Nd6 12. Rad1 Bf5 13. Qc1 Nfe4 14. Nd2 Nxc3 15. Qxc3 Nb5 16. Qe3 Re8 17. Be5 f6 18. a4 fxe5 19. axb5 exd4 20. Qxd4 Bf6 21. Qf4 Bg6 22. bxc6 bxc6 23. e4 Bg5 24. Qg4 Bxd2 25. Rxd2 Bxe4 26. Bxe4 Rxe4 27. Qxe4 dxe4 28. Rxd8+ Rxd8 29. Rc1 Rd6 30. Kf1 1/2-1/2

[Event "SCG-chT Vojvodina"]
[Site "Sombor"]
[Date "2004.09.26"]
[Round "2.2"]
[White "Sanduleac, Vasile"]
[Black "Mujagic, Ramo"]
[Result "1-0"]
[WhiteElo "2492"]
[BlackElo "2339"]
[PlyCount "47"]
[EventDate "2004.09.25"]
[EventType "team"]
[EventRounds "11"]
[EventCountry "YUG"]
[SourceTitle "CBM 102 Extra"]
[Source "ChessBase"]
[SourceDate "2004.11.03"]
[SourceVersion "1"]
[SourceVersionDate "2004.11.03"]
[SourceQuality "1"]
[WhiteTeam "01"]
[BlackTeam "08"]
[WhiteTeamCountry "YUG"]
[BlackTeamCountry "YUG"]

1. e4 c5 2. Nf3 Nc6 3. Bb5 g6 4. Bxc6 bxc6 5. 0-0 Bg7 6. c3 Nf6 7. Re1 0-0 8. d4 cxd4 9. cxd4 d6 10. h3 Nd7 11. Nc3 c5 12. Be3 cxd4 13. Bxd4 Bxd4 14. Qxd4 Bb7 15. Rad1 Nf6 16. Qe3 Qa5 17. Rd4 Rfc8 18. e5 dxe5 19. Nxe5 Kg7 20. Nxf7 Ng8 21. Ng5 h6 22. Ne6+ Kh7 23. Rd7 Bc6 24. Qd4 1-0

[Event "YUG-chT"]
[Site "Vrnjacka Banja"]
[Date "1996.??.??"]
[Round "?"]
[White "Mujagic, Ramo"]
[Black "Kovacevic, Dragan"]
[Result "1/2-1/2"]
[WhiteElo "2380"]
[BlackElo "2360"]
[PlyCount "50"]
[EventDate "1996.??.??"]
[EventType "team"]
[EventRounds "11"]
[EventCountry "YUG"]
[SourceTitle "EXT 2000"]
[Source "ChessBase"]
[SourceDate "1999.11.16"]
[SourceVersion "1"]
[SourceVersionDate "1999.11.16"]
[SourceQuality "1"]

1. e4 b6 2. d4 Bb7 3. Nc3 d6 4. Nf3 Nd7 5. Bd3 e5 6. Qe2 Ngf6 7. 0-0 Be7 8. Ba6 Bxa6 9. Qxa6 c6 10. a4 0-0 11. Rd1 Qc7 12. h3 Rfe8 13. dxe5 dxe5 14. Qc4 Rac8 15. Bg5 Nf8 16. Be3 Ne6 17. Ng5 Bf8 18. Nxe6 Rxe6 19. Rd2 Qb7 20. f3 h6 21. Rad1 Kh7 22. g4 Rc7 23. Rg2 Nd7 24. Rgd2 Rf6 25. Kg2 Be7 1/2-1/2

[Event "YUG-chT"]
[Site "Vrnjacka Banja"]
[Date "1996.??.??"]
[Round "?"]
[White "Semenov, Aleksandar"]
[Black "Mujagic, Ramo"]
[Result "1/2-1/2"]
[WhiteElo "2300"]
[BlackElo "2380"]
[PlyCount "81"]
[EventDate "1996.??.??"]
[EventType "team"]
[EventRounds "11"]
[EventCountry "YUG"]
[SourceTitle "EXT 2000"]
[Source "ChessBase"]
[SourceDate "1999.11.16"]
[SourceVersion "1"]
[SourceVersionDate "1999.11.16"]
[SourceQuality "1"]

1. c4 Nf6 2. Nc3 c5 3. g3 d5 4. cxd5 Nxd5 5. Bg2 Nc7 6. Nf3 Nc6 7. 0-0 e5 8. d3 Be7 9. Be3 0-0 10. Rc1 Bd7 11. a3 Rc8 12. Qa4 b5 13. Qd1 f5 14. a4 a6 15. axb5 axb5 16. Ra1 Kh8 17. Qc1 Nd4 18. Nxe5 Nb3 19. Qc2 Nxa1 20. Rxa1 Bd6 21. Nxd7 Qxd7 22. Ra7 Qe6 23. Bf3 b4 24. Na4 Nb5 25. Ra6 Nd4 26. Bxd4 cxd4 27. Qd2 Rb8 28. Nc5 Qe7 29. Nb7 Bc7 30. Qc2 Rfc8 31. Qa4 Qf8 32. Qd7 Be5 33. Qd5 Re8 34. Na5 Rbd8 35. Qb5 Rb8 36. Qa4 Bf6 37. Qd7 Qc5 38. Nc4 Red8 39. Qa4 Qb5 40. Qa1 Qc5 41. b3 1/2-1/2

[Event "YUG-chT"]
[Site "Tivat"]
[Date "1995.??.??"]
[Round "8"]
[White "Markovic, Miroslav"]
[Black "Mujagic, Ramo"]
[Result "1/2-1/2"]
[WhiteElo "2470"]
[BlackElo "2335"]
[PlyCount "97"]
[EventDate "1995.??.??"]
[EventType "team-swiss"]
[EventRounds "11"]
[EventCountry "YUG"]
[SourceTitle "CBM 048 Extra"]
[Source "ChessBase"]
[SourceDate "1995.11.01"]
[SourceVersion "1"]
[SourceVersionDate "1995.11.01"]
[SourceQuality "1"]

1. Nf3 Nf6 2. g3 b5 3. Bg2 Bb7 4. 0-0 e6 5. d3 d5 6. Nbd2 Nbd7 7. e4 dxe4 8. Ng5 Be7 9. Ndxe4 Qc8 10. Bd2 0-0 11. Qe2 Re8 12. Rfe1 Nxe4 13. dxe4 a6 14. Qh5 Bxg5 15. Bxg5 Nf8 16. Rad1 f6 17. Be3 Bc6 18. Qe2 Qb7 19. f3 Rad8 20. c3 Qc8 21. Bh3 Rxd1 22. Rxd1 Rd8 23. Rd4 Be8 24. Qd2 Rd7 25. Kf2 Qd8 26. b3 Rd6 27. Rxd6 Qxd6 28. Qxd6 cxd6 29. Bf4 e5 30. Bc1 Bd7 31. Bf1 Kf7 32. Ba3 Ke7 33. Ke3 Ne6 34. Bb4 Bc6 35. h4 g6 36. f4 Nc5 37. fxe5 fxe5 38. Bg2 Kd8 39. Ba3 Kc7 40. Bf3 Bd7 41. Bd1 Be6 42. Bc1 Bd7 43. b4 Na4 44. Kd3 Nb6 45. Bb3 Nc4 46. a4 Be6 47. axb5 axb5 48. Ke2 h5 49. Bxc4 1/2-1/2

[Event "YUG-chT"]
[Site "Tivat"]
[Date "1995.??.??"]
[Round "11"]
[White "Mujagic, Ramo"]
[Black "Matulovic, Milan"]
[Result "0-1"]
[WhiteElo "2335"]
[BlackElo "2455"]
[PlyCount "76"]
[EventDate "1995.??.??"]
[EventType "team-swiss"]
[EventRounds "11"]
[EventCountry "YUG"]
[SourceTitle "CBM 048 Extra"]
[Source "ChessBase"]
[SourceDate "1995.11.01"]
[SourceVersion "1"]
[SourceVersionDate "1995.11.01"]
[SourceQuality "1"]

1. e4 c5 2. Nf3 Nc6 3. d4 cxd4 4. Nxd4 Qc7 5. Nc3 e6 6. g3 a6 7. Bg2 d6 8. 0-0 Be7 9. Re1 Bd7 10. h3 Nf6 11. Be3 0-0 12. a4 Na5 13. g4 Bc8 14. Nde2 h6 15. Ng3 Bd7 16. Nce2 Rac8 17. Nd4 Rfe8 18. c3 Nc4 19. Bc1 d5 20. b3 Ne5 21. f4 Qxc3 22. Be3 Nd3 23. Rf1 Nc5 24. Qe2 Nfxe4 25. Nxe4 Nxe4 26. Rac1 Qb4 27. Qd3 Rxc1 28. Rxc1 Rc8 29. Rxc8+ Bxc8 30. Nc2 Qd6 31. Bxe4 dxe4 32. Qxe4 Bd7 33. Nd4 Qb4 34. Qd3 Qe1+ 35. Kh2 Bh4 36. Bg1 Bf2 37. Nf3 Bxg1+ 38. Nxg1 Qf2+ 0-1

[Event "YUG-chT"]
[Site "Tivat"]
[Date "1995.??.??"]
[Round "5"]
[White "Mujagic, Ramo"]
[Black "Radlovacki, Jovan"]
[Result "1/2-1/2"]
[WhiteElo "2335"]
[BlackElo "2375"]
[PlyCount "64"]
[EventDate "1995.??.??"]
[EventType "team-swiss"]
[EventRounds "11"]
[EventCountry "YUG"]
[SourceTitle "CBM 048 Extra"]
[Source "ChessBase"]
[SourceDate "1995.11.01"]
[SourceVersion "1"]
[SourceVersionDate "1995.11.01"]
[SourceQuality "1"]

1. e4 c6 2. d4 d5 3. Nc3 g6 4. h3 Bg7 5. Nf3 Nh6 6. Be2 f6 7. Bf4 Nf7 8. Bg3 0-0 9. 0-0 a6 10. a4 e6 11. a5 Nd7 12. Re1 Re8 13. Bf1 Bf8 14. Ra4 f5 15. exf5 exf5 16. Rxe8 Qxe8 17. Ra1 g5 18. Bc7 Qe7 19. Qe1 g4 20. hxg4 fxg4 21. Qxe7 Bxe7 22. Ne1 Nf8 23. Na4 Ne6 24. Bb6 Bd7 25. Nd3 Re8 26. Re1 Bd6 27. Nac5 Bc8 28. Nxe6 Rxe6 29. Rxe6 Bxe6 30. Bc5 Bc7 31. Bb6 Bd6 32. Bc5 Bc7 1/2-1/2

[Event "YUG-chT"]
[Site "Tivat"]
[Date "1995.??.??"]
[Round "9"]
[White "Mujagic, Ramo"]
[Black "Todorovic, Goran N"]
[Result "1/2-1/2"]
[WhiteElo "2335"]
[BlackElo "2420"]
[PlyCount "29"]
[EventDate "1995.??.??"]
[EventType "team-swiss"]
[EventRounds "11"]
[EventCountry "YUG"]
[SourceTitle "CBM 048 Extra"]
[Source "ChessBase"]
[SourceDate "1995.11.01"]
[SourceVersion "1"]
[SourceVersionDate "1995.11.01"]
[SourceQuality "1"]

1. Nf3 g6 2. e4 c5 3. d4 cxd4 4. Nxd4 Bg7 5. c4 Nc6 6. Be3 Nf6 7. Nc3 d6 8. f3 0-0 9. Qd2 Bd7 10. Rc1 Nxd4 11. Bxd4 Bc6 12. Be2 a5 13. b3 Nd7 14. Bxg7 Kxg7 15. Qd4+ 1/2-1/2

[Event "YUG-chT Cup"]
[Site "Becici"]
[Date "1994.??.??"]
[Round "?"]
[White "Blagojevic, Dragisa"]
[Black "Mujagic, Ramo"]
[Result "1/2-1/2"]
[WhiteElo "2475"]
[BlackElo "2295"]
[PlyCount "53"]
[EventDate "1994.??.??"]
[EventType "team"]
[EventRounds "6"]
[EventCountry "YUG"]
[SourceTitle "EXT 2000"]
[Source "ChessBase"]
[SourceDate "1999.11.16"]
[SourceVersion "1"]
[SourceVersionDate "1999.11.16"]
[SourceQuality "1"]

1. d4 d5 2. c4 e6 3. Nf3 c5 4. cxd5 exd5 5. Bg5 Be7 6. Bxe7 Nxe7 7. dxc5 Qa5+ 8. Nc3 Qxc5 9. Qd4 Qxd4 10. Nxd4 a6 11. g3 Nbc6 12. 0-0-0 Nxd4 13. Rxd4 Be6 14. Bg2 0-0-0 15. Rhd1 Nf5 16. Rb4 Ne7 17. Rbd4 Nf5 18. R4d3 d4 19. Na4 Kb8 20. b3 Rc8+ 21. Kb1 h5 22. Rc1 Rxc1+ 23. Kxc1 Rc8+ 24. Kd2 Ka7 25. h3 b5 26. Nb2 Rd8 27. Rf3 1/2-1/2

[Event "YUG-chT Cup"]
[Site "Becici"]
[Date "1994.??.??"]
[Round "?"]
[White "Mujagic, Ramo"]
[Black "Dragovic, Momcilo"]
[Result "0-1"]
[WhiteElo "2295"]
[BlackElo "2390"]
[PlyCount "116"]
[EventDate "1994.??.??"]
[EventType "team"]
[EventRounds "6"]
[EventCountry "YUG"]
[SourceTitle "EXT 2000"]
[Source "ChessBase"]
[SourceDate "1999.11.16"]
[SourceVersion "1"]
[SourceVersionDate "1999.11.16"]
[SourceQuality "1"]

1. e4 e5 2. Nf3 Nc6 3. Bc4 Nf6 4. d3 Be7 5. c3 0-0 6. 0-0 d5 7. exd5 Nxd5 8. h3 Nb6 9. Bb3 Bf5 10. Bc2 Qd7 11. Qe2 Bf6 12. Nbd2 Rad8 13. Ne4 Be7 14. Rd1 Bg6 15. b4 Nd5 16. Bd2 f5 17. Nc5 Bxc5 18. bxc5 Bh5 19. Re1 Qe7 20. Bg5 Qxg5 21. Nxg5 Bxe2 22. Rxe2 Rfe8 23. Bb3 h6 24. Nf3 Kh7 25. Bxd5 Rxd5 26. d4 e4 27. Nd2 b6 28. Nb3 b5 29. Kf1 Rdd8 30. a3 Re6 31. Rae1 Ne7 32. f3 Nd5 33. fxe4 fxe4 34. Rxe4 Ra6 35. Ra1 Nxc3 36. Re5 Kg6 37. Re3 Nd5 38. Rf3 Ra4 39. Ke2 Re8+ 40. Kd2 Re6 41. Rg3+ Kh7 42. Rf3 Rea6 43. Re1 Rg6 44. g4 Rxa3 45. Re5 c6 46. Kc2 a5 47. Kb2 b4 48. Rf1 a4 49. Na5 Rxh3 50. Nxc6 Rh2+ 51. Ka1 Nc3 52. Nxb4 Rxg4 53. Re3 Nb5 54. Nc6 Rgg2 55. d5 Ra2+ 56. Kb1 Rhb2+ 57. Kc1 a3 58. Rxa3 Nxa3 0-1

[Event "YUG-ch"]
[Site "Banja Vrucica"]
[Date "1991.??.??"]
[Round "?"]
[White "Abramovic, Bosko"]
[Black "Mujagic, Ramo"]
[Result "1-0"]
[WhiteElo "2520"]
[BlackElo "2315"]
[PlyCount "123"]
[EventDate "1991.12.??"]
[EventType "swiss"]
[EventRounds "13"]
[EventCountry "YUG"]
[SourceTitle "EXT 1997"]
[Source "ChessBase"]
[SourceDate "1996.11.15"]
[SourceVersion "1"]
[SourceVersionDate "1996.11.15"]
[SourceQuality "1"]

1. c4 e5 2. g3 d6 3. Bg2 f5 4. Nc3 Nf6 5. d3 g6 6. e4 fxe4 7. Nxe4 Nxe4 8. Bxe4 Nd7 9. Bg2 Bg7 10. Ne2 0-0 11. 0-0 Nc5 12. d4 exd4 13. Nxd4 a5 14. Be3 Bd7 15. Qd2 a4 16. Rfe1 Qf6 17. Rad1 Rae8 18. h4 Bg4 19. Rb1 Ne4 20. Qc2 Nc5 21. b4 axb3 22. axb3 c6 23. Rbc1 Qf7 24. b4 Ne6 25. Nb3 Bf3 26. Bxf3 Qxf3 27. Qd1 Qf7 28. Qd2 Ra8 29. Na5 c5 30. Nb3 Ra3 31. Rb1 Rxb3 32. Rxb3 Nd4 33. Bxd4 Bxd4 34. Re2 Qxc4 35. Rd3 b5 36. Kg2 Qd5+ 37. f3 Ra8 38. Qf4 Rf8 39. Qg4 Rf5 40. Qe4 Qxe4 41. Rxe4 Rf8 42. f4 Ra8 43. Re6 Rd8 44. g4 Kf7 45. f5 gxf5 46. gxf5 h5 47. Kf3 Rd7 48. Ke4 d5+ 49. Kf3 Rc7 50. Rd6 Bf6 51. bxc5 Rxc5 52. Rd7+ Ke8 53. R7xd5 Rxd5 54. Rxd5 b4 55. Rb5 Bc3 56. Rb7 Kd8 57. Ke4 Kc8 58. Rh7 b3 59. Kd3 Be5 60. Rxh5 b2 61. Kc2 Kd7 62. Rh6 1-0

[Event "YUG-ch"]
[Site "Banja Vrucica"]
[Date "1991.??.??"]
[Round "?"]
[White "Mujagic, Ramo"]
[Black "Bistric, Faruk"]
[Result "0-1"]
[WhiteElo "2315"]
[BlackElo "2330"]
[PlyCount "128"]
[EventDate "1991.12.??"]
[EventType "swiss"]
[EventRounds "13"]
[EventCountry "YUG"]
[SourceTitle "EXT 1997"]
[Source "ChessBase"]
[SourceDate "1996.11.15"]
[SourceVersion "1"]
[SourceVersionDate "1996.11.15"]
[SourceQuality "1"]

1. e4 c5 2. Nf3 e6 3. d4 cxd4 4. Nxd4 a6 5. Nc3 Qc7 6. Bd3 Nc6 7. Be3 Nf6 8. a3 Ne5 9. h3 b5 10. f4 Nc4 11. Bxc4 Qxc4 12. e5 Nd5 13. Nxd5 Qxd5 14. 0-0 Bb7 15. Qd2 Be7 16. Rad1 Rd8 17. Qe2 Qe4 18. Rd2 d6 19. exd6 Rxd6 20. Qf2 0-0 21. c3 Rd5 22. Re1 Qg6 23. Rde2 Rh5 24. Nf3 Bf6 25. Kh2 Rd8 26. Rf1 h6 27. Rd2 Rxd2 28. Bxd2 Rd5 29. Nd4 Bxd4 30. cxd4 Rxd4 31. Re1 Bd5 32. Re2 Rd3 33. Re3 Rxe3 34. Bxe3 Qe4 35. Bd2 f6 36. Bc3 Kh7 37. Qd2 Kg6 38. Qf2 Kh7 39. Qd2 h5 40. Qf2 Qf5 41. Bd4 Qe4 42. Bc5 Kg6 43. Bf8 Kf7 44. Bb4 Qd3 45. Bc3 Qc4 46. Ba5 Qc6 47. Bc3 Be4 48. Kg1 Qc7 49. Qd2 Kg6 50. Qf2 Qd7 51. Qd4 Qc6 52. Qf2 Qd5 53. Qg3+ Kf7 54. Qf2 Qd3 55. Qd2 Qc4 56. Qd7+ Kg6 57. f5+ exf5 58. Qe8+ Qf7 59. Qxf7+ Kxf7 60. h4 f4 61. Kf2 Ke6 62. Bb4 Kf5 63. Bf8 g5 64. Be7 Kg4 0-1

[Event "YUG-ch"]
[Site "Banja Vrucica"]
[Date "1991.??.??"]
[Round "?"]
[White "Sinanovic, Muhamed"]
[Black "Mujagic, Ramo"]
[Result "0-1"]
[WhiteElo "2435"]
[BlackElo "2315"]
[PlyCount "114"]
[EventDate "1991.12.??"]
[EventType "swiss"]
[EventRounds "13"]
[EventCountry "YUG"]
[SourceTitle "EXT 1997"]
[Source "ChessBase"]
[SourceDate "1996.11.15"]
[SourceVersion "1"]
[SourceVersionDate "1996.11.15"]
[SourceQuality "1"]

1. c4 c5 2. Nc3 Nf6 3. Nf3 g6 4. e4 d6 5. d4 cxd4 6. Nxd4 Bg7 7. Be2 0-0 8. 0-0 Nc6 9. Nc2 Nd7 10. Bd2 Nc5 11. f3 Nd4 12. Nxd4 Bxd4+ 13. Kh1 Bg7 14. Rc1 a5 15. b3 Bd7 16. Bg5 h6 17. Be3 Bc6 18. Qd2 Kh7 19. Nd5 e6 20. Nc3 Qe7 21. Rfd1 Rfd8 22. Bf1 b6 23. Bf4 Be5 24. Ne2 Bxf4 25. Qxf4 e5 26. Qe3 Rab8 27. Rd2 Kg7 28. Rcd1 h5 29. Kg1 h4 30. Qc3 f6 31. a3 Ne6 32. b4 axb4 33. Qxb4 Nc5 34. Nc3 Qc7 35. Nd5 Bxd5 36. cxd5 Ra8 37. Bb5 Ra5 38. Bc6 Qa7 39. Rb2 b5 40. Kh1 Rb8 41. Qe1 Rxa3 42. Qxh4 Nd3 43. Rbd2 Qe3 44. h3 b4 45. Qg4 Nc5 46. Rc2 Qf4 47. Qxf4 exf4 48. Kg1 b3 49. Rb2 Ra2 50. Rdb1 Rxb2 51. Rxb2 Nd3 52. Rb1 b2 53. Ba4 Nc1 54. Bc2 Ne2+ 55. Kf2 Nc3 56. Re1 b1Q 57. Bxb1 Rb2+ 0-1

[Event "YUG-ch"]
[Site "Banja Vrucica"]
[Date "1991.??.??"]
[Round "?"]
[White "Vukovic, Zdravko"]
[Black "Mujagic, Ramo"]
[Result "1/2-1/2"]
[WhiteElo "2395"]
[BlackElo "2315"]
[PlyCount "61"]
[EventDate "1991.12.??"]
[EventType "swiss"]
[EventRounds "13"]
[EventCountry "YUG"]
[SourceTitle "EXT 1997"]
[Source "ChessBase"]
[SourceDate "1996.11.15"]
[SourceVersion "1"]
[SourceVersionDate "1996.11.15"]
[SourceQuality "1"]

1. e4 c5 2. b3 Nc6 3. Bb2 e6 4. Nf3 d6 5. d4 cxd4 6. Nxd4 Nf6 7. Bd3 a6 8. 0-0 Be7 9. Nxc6 bxc6 10. e5 dxe5 11. Bxe5 0-0 12. Nd2 Bb7 13. Ne4 Nd7 14. Bb2 e5 15. f4 c5 16. fxe5 c4 17. bxc4 Qb6+ 18. Kh1 Qxb2 19. Rb1 Qxe5 20. Rxb7 Nc5 21. Rxe7 Qxe7 22. Nf6+ gxf6 23. Bxh7+ Kh8 24. Qh5 Kg7 25. Qg4+ Kh8 26. Qh4 Kg7 27. Qg3+ Kh8 28. Qh3 Kg7 29. Qg3+ Kh8 30. Qh4 Kg7 31. Qg3+ 1/2-1/2